| 000 | 01748nam0a2200349 4500 | ||
|---|---|---|---|
| 001 | RU\NLR\bibl\1656394 | ||
| 005 | 20260407233401.0 | ||
| 021 |
_aRU _b2010-45526 _93037 |
||
| 035 | _a(nilc)RSL-KNO-004660718 | ||
| 035 | _a(NLR Aleph) 001647694 | ||
| 090 |
_a901873 _c901873 |
||
| 100 | _a20100622d2010 |||y0rusy50 ca | ||
| 101 | 0 | _arus | |
| 102 | _aRU | ||
| 105 | _ay ||||||||| | ||
| 200 | 1 |
_aВторой российский конгресс по эндоурологии и новым технологиям, Москва, 12-14 мая 2010 _eматериалы конгресса |
|
| 210 |
_a[Б. м. _cб. и.] _d2010 _eотпечатанов ССС "Информполиграф" |
||
| 215 |
_a367 с. _cил. _d21 |
||
| 300 | _aВ надзаг.: Российское о-во по эндоурологии и новым технологиям, Всемир. ассоц. эндоурологов, Рос. о-во урологов [и др.] | ||
| 606 | 1 |
_aЭндохирургия _jСъезды, совещания и т.п. _xПрименение в урологии _92395976 _3RU\NLR\auth\661428540 |
|
| 606 | 1 |
_aУрология _jСъезды, совещания и т.п. _xИнновационные технологии _92614858 _3RU\NLR\auth\661551416 |
|
| 610 | 0 | _aэндоурология | |
| 686 |
_aР69я431(2) _2rubbk |
||
| 686 | _aР694-89я431(2) | ||
| 686 | _aР69с.я431(2) | ||
| 710 | 1 | 2 |
_aРоссийский конгресс по эндоурологии и новым технологиям _d2 _f2010 _eМосква _3RU\NLR\AUTH\8810159648 _9814836 |
| 801 | 0 |
_aRU _bРГБ _c20100622 _gRCR |
|
| 801 | 1 |
_aRU _bРГБ _c20100622 |
|
| 801 | 2 |
_aRU _bNLR _c20100719 _grcr |
|
| 942 | _cBOOK | ||
| 980 | _aNB | ||